El discurso político en las ciencias humanas y sociales: memorias de las IV jornadas de análisis del discurso político Universidad de Zulia

Gorde:
Xehetasun bibliografikoak
Egile Nagusiak: Molero de Cabeza, Lourdes (Egilea), Franco M.,Antonio (Egilea)
Erakunde egilea: Universidad de Zulia (Egilea)
Formatua: Liburua
Hizkuntza:gaztelania
Argitaratua: Caracas Fonacit 2002
Edizioa:1a. ed
Gaiak:
Etiketak: Etiketa erantsi
Etiketarik gabe, Izan zaitez lehena erregistro honi etiketa jartzen!

MARC

LEADER 00000nam a2200000 a 4500
001 UCK4150
003 CL-VaPUC
005 20231128114029.0
008 050520e20020000ve 1 spa d
020 |a 98065140401 
082 0 4 |a 401.41  |b MOL  |2 21 
100 1 |a Molero de Cabeza, Lourdes  |e author  |9 620710 
700 1 |a Franco M.,Antonio  |e author  |9 620711 
110 2 |a Universidad de Zulia  |e author  |9 620712 
245 1 3 |a El discurso político en las ciencias humanas y sociales: memorias de las IV jornadas de análisis del discurso político Universidad de Zulia 
250 |a 1a. ed 
260 |a Caracas  |b Fonacit  |c 2002 
300 |a 239 p 
583 |a last modification  |c 20050520 00:00:00  |k Rodrigo Vera 
650 0 0 |a Análisis del discurso  |9 256696 
650 0 0 |a Discursos políticos  |9 373524 
650 0 0 |a Investigación lingüística  |9 329785 
651 0 |a Venezuela  |9 254993 
942 |c BK 
945 |a jcarroza  |d 20050520 00:00:00 
546 |a En Español 
536 |a Universidad de Zulia 
518 |p Jornadas de Análisis del Discurso Político, 4, Maracaibo, 17 al 19 de octubre de 2001 
999 |c 384124  |d 384122 
952 |0 0  |1 0  |4 0  |6 401_410000000000000_MOL_2002  |7 0  |8 A  |9 506598  |a FDOPOS  |b FDOPOS  |d 2020-01-23  |i 4123883  |o 401.41 MOL 2002  |p 4123883  |r 2025-01-22  |w 2020-01-23  |y BK  |k MLA